<?xml version="1.0" encoding="UTF-8"?>
<record
    xmlns:xsi="http://www.w3.org/2001/XMLSchema-instance"
    xsi:schemaLocation="http://www.loc.gov/MARC21/slim http://www.loc.gov/standards/marcxml/schema/MARC21slim.xsd"
    xmlns="http://www.loc.gov/MARC21/slim">

  <leader>01918cam a2200445 i 4500</leader>
  <datafield tag="952" ind1=" " ind2=" ">
    <subfield code="0">0</subfield>
    <subfield code="1">0</subfield>
    <subfield code="2">ddc</subfield>
    <subfield code="4">0</subfield>
    <subfield code="7">0</subfield>
    <subfield code="8">NFIC</subfield>
    <subfield code="a">ASL</subfield>
    <subfield code="b">ASL</subfield>
    <subfield code="c">SIC</subfield>
    <subfield code="d">2021-07-13</subfield>
    <subfield code="e">Donated by Professor Sirajul Islam, FRHS</subfield>
    <subfield code="l">0</subfield>
    <subfield code="o">946 SOR</subfield>
    <subfield code="p">110114</subfield>
    <subfield code="r">2021-07-13 00:00:00</subfield>
    <subfield code="t">C-1</subfield>
    <subfield code="w">2021-07-13</subfield>
    <subfield code="y">BK</subfield>
  </datafield>
  <datafield tag="999" ind1=" " ind2=" ">
    <subfield code="c">25359</subfield>
    <subfield code="d">25359</subfield>
  </datafield>
  <controlfield tag="001">20568186</controlfield>
  <controlfield tag="003">BDDh-ASL</controlfield>
  <controlfield tag="005">20231015030500.0</controlfield>
  <controlfield tag="008">180705s2015    sp a     b    000 0 ara  </controlfield>
  <datafield tag="010" ind1=" " ind2=" ">
    <subfield code="a">  2017498008</subfield>
  </datafield>
  <datafield tag="040" ind1=" " ind2=" ">
    <subfield code="a">DLC</subfield>
    <subfield code="b">eng</subfield>
    <subfield code="c">DLC</subfield>
    <subfield code="e">rda</subfield>
    <subfield code="e">BDDh-ASL</subfield>
  </datafield>
  <datafield tag="041" ind1="1" ind2=" ">
    <subfield code="a">ara</subfield>
    <subfield code="a">eng</subfield>
    <subfield code="h">spa</subfield>
  </datafield>
  <datafield tag="042" ind1=" " ind2=" ">
    <subfield code="a">pcc</subfield>
  </datafield>
  <datafield tag="043" ind1=" " ind2=" ">
    <subfield code="a">e-sp---</subfield>
  </datafield>
  <datafield tag="050" ind1="0" ind2="0">
    <subfield code="a">DP402.A46</subfield>
    <subfield code="b">S64 2015</subfield>
  </datafield>
  <datafield tag="066" ind1=" " ind2=" ">
    <subfield code="c">(3</subfield>
    <subfield code="c">(4</subfield>
  </datafield>
  <datafield tag="082" ind1=" " ind2=" ">
    <subfield code="a">946</subfield>
    <subfield code="b">SOR </subfield>
  </datafield>
  <datafield tag="100" ind1="1" ind2=" ">
    <subfield code="a">Soler, Emilio,</subfield>
    <subfield code="e">author.</subfield>
  </datafield>
  <datafield tag="240" ind1="1" ind2="0">
    <subfield code="a">Caminos de Al-Andalus.</subfield>
    <subfield code="l">Arabic</subfield>
  </datafield>
  <datafield tag="245" ind1="1" ind2="0">
    <subfield code="6">880-02</subfield>
    <subfield code="a">Mas&#x101;lik al-Andalus =</subfield>
    <subfield code="b">Routes of Al-Andalus /</subfield>
    <subfield code="c">ta'l&#x12B;f, &#x12A;m&#x12B;liy&#x16B; S&#x16B;l&#x12B;r ; &#x1E63;&#x16B;war, Augh&#x16B;st&#x12B;n M&#x101;rt&#x12B;n&#x12B;th tarjamat S&#x101;m&#x12B; al-Baghd&#x101;d&#x12B; wa-mur&#x101;ja&#x2BB;at B&#x101;hirah &#x2BB;Abd al-La&#x1E6D;&#x12B;f.</subfield>
  </datafield>
  <datafield tag="246" ind1="1" ind2="5">
    <subfield code="a">Routes of Al-Andalus</subfield>
  </datafield>
  <datafield tag="264" ind1=" " ind2="1">
    <subfield code="a">Madrid :</subfield>
    <subfield code="b">Ministerio de Asuntos Exteriores, Secretar&#xED;a General T&#xE9;cnica,</subfield>
    <subfield code="c">[2015]</subfield>
  </datafield>
  <datafield tag="300" ind1=" " ind2=" ">
    <subfield code="a">62, 341 pages :</subfield>
    <subfield code="b">color illustrations ;</subfield>
    <subfield code="c">33 cm.</subfield>
  </datafield>
  <datafield tag="336" ind1=" " ind2=" ">
    <subfield code="a">text</subfield>
    <subfield code="2">rdacontent</subfield>
  </datafield>
  <datafield tag="337" ind1=" " ind2=" ">
    <subfield code="a">unmediated</subfield>
    <subfield code="2">rdamedia</subfield>
  </datafield>
  <datafield tag="338" ind1=" " ind2=" ">
    <subfield code="a">volume</subfield>
    <subfield code="2">rdacarrier</subfield>
  </datafield>
  <datafield tag="504" ind1=" " ind2=" ">
    <subfield code="a">Includes bibliographical references (pages 335-340).</subfield>
  </datafield>
  <datafield tag="546" ind1=" " ind2=" ">
    <subfield code="a">Text in Arabic and English</subfield>
  </datafield>
  <datafield tag="651" ind1=" " ind2="0">
    <subfield code="a">Andalusia (Spain)</subfield>
    <subfield code="x">Description and travel.</subfield>
  </datafield>
  <datafield tag="651" ind1=" " ind2="0">
    <subfield code="a">Andalusia (Spain)</subfield>
    <subfield code="x">History.</subfield>
  </datafield>
  <datafield tag="700" ind1="1" ind2=" ">
    <subfield code="a">Mart&#xED;nez, Agust&#xED;n,</subfield>
    <subfield code="d">1962-</subfield>
  </datafield>
  <datafield tag="700" ind1="1" ind2=" ">
    <subfield code="6">880-07</subfield>
    <subfield code="a">Baghd&#x101;d&#x12B;, S&#x101;m&#x12B;</subfield>
    <subfield code="e">translator.</subfield>
  </datafield>
  <datafield tag="700" ind1="1" ind2=" ">
    <subfield code="6">880-08</subfield>
    <subfield code="a">Y&#x101;s&#x12B;n, B&#x101;hirah &#x2BB;Abd al-La&#x1E6D;&#x12B;f,</subfield>
    <subfield code="e">editor.</subfield>
  </datafield>
  <datafield tag="880" ind1="1" ind2="0">
    <subfield code="6">245-02/(3/r&#x200F;</subfield>
    <subfield code="a">&#x200F;&#x645;&#x633;&#x627;&#x644;&#x643; &#x627;&#x644;&#x623;&#x646;&#x62F;&#x644;&#x633; /&#x200F;</subfield>
    <subfield code="c">&#x200F;&#x62A;&#x623;&#x644;&#x64A;&#x641;&#x60C; &#x625;&#x64A;&#x645;&#x64A;&#x644;&#x64A;&#x648; &#x633;&#x648;&#x644;&#x64A;&#x631; &#x61B; &#x635;&#x648;&#x631;&#x60C; &#x623;&#x63A;&#x648;&#x633;&#x62A;&#x64A;&#x646; &#x645;&#x627;&#x631;&#x62A;&#x64A;&#x646;&#x64A;&#x62B; &#x62A;&#x631;&#x62C;&#x645;&#x629; &#x633;&#x627;&#x645;&#x64A; &#x627;&#x644;&#x628;&#x63A;&#x62F;&#x627;&#x62F;&#x64A; &#x648;&#x645;&#x631;&#x627;&#x62C;&#x639;&#x629; &#x628;&#x627;&#x647;&#x631;&#x629; &#x639;&#x628;&#x62F; &#x627;&#x644;&#x644;&#x637;&#x64A;&#x641;.</subfield>
  </datafield>
  <datafield tag="880" ind1="1" ind2=" ">
    <subfield code="6">700-07/(3/r&#x200F;</subfield>
    <subfield code="a">&#x200F;&#x628;&#x63A;&#x62F;&#x627;&#x62F;&#x64A;&#x60C; &#x633;&#x627;&#x645;&#x64A;&#x200F; .</subfield>
  </datafield>
  <datafield tag="880" ind1="1" ind2=" ">
    <subfield code="6">700-08/(3/r&#x200F;</subfield>
    <subfield code="a">&#x200F;&#x64A;&#x627;&#x633;&#x64A;&#x646;&#x60C; &#x628;&#x627;&#x647;&#x631;&#x629; &#x639;&#x628;&#x62F; &#x627;&#x644;&#x644;&#x637;&#x64A;&#x641;&#x200F;.</subfield>
  </datafield>
  <datafield tag="906" ind1=" " ind2=" ">
    <subfield code="a">7</subfield>
    <subfield code="b">cbc</subfield>
    <subfield code="c">origres</subfield>
    <subfield code="d">2</subfield>
    <subfield code="e">ncip</subfield>
    <subfield code="f">20</subfield>
    <subfield code="g">y-gencatlg</subfield>
  </datafield>
  <datafield tag="942" ind1=" " ind2=" ">
    <subfield code="2">ddc</subfield>
    <subfield code="c">BK</subfield>
  </datafield>
</record>
